000 01326nam a22003617a 4500
003 CHAP
005 20220329141020.0
008 971013s1995 r 00010 d
010 _a61325
011 _a62297
035 _a66471
040 _cCHAP
090 _aTesis
100 0 0 _aPompa López, Isi Yadira.
_990760
245 _aImpacto del deterioro ambiental del Lago de Cuitzeo en organizaciones de pescadores de la ribera
260 _aChapingo, Méx. :
_bEl autor,
_c1995
300 _a144 h.
_b: ilus.
502 _aTesis (M. C. en Desarrollo Rural Regional) -- UACH. Dirección de Centros Regionales. Maestría en Desarrollo Rural Regional
590 _aALEPH
_b10
_c20130110
_lUCH01
_h1341
590 _aBATCH-UPD
_b10
_c20130110
_lUCH01
_h0533
590 _aBATCH-UPD
_b10
_c20130410
_lUCH01
_h0213
590 _aBATCH-UPD
_b10
_c20130914
_lUCH01
_h1630
590 _aCONVERSION
_b10
_c20130109
_lUCH01
_h1333
650 1 4 _aAgua
_xContaminacion
_xMichoacan.
_92357
650 1 4 _aImpacto ambiental.
_957465
650 1 4 _aLago de Cuitzeo.
_964408
650 1 4 _aPescadores
_xMichoacán.
_987478
650 1 4 _aRecursos naturales
_xConservación
_xMichoacán.
_995241
901 _aBK
942 _cFOLL
949 _bBC
_cTES
_d-151680
_eTS1
_h29750
_i66471
_si
949 _bBC
_cTES
_d33724000622304
_eTS2
_fc.2
_h29751
_i66471
_si
999 _c61325
_d61325